000
00312nam a2200133Ia 4500
008
231129s1976||||xx |||||||||||||| ||spa||
040
_b
spa
082
_a
Co868 D946s
100
_a
Duque E. J. Emilio
245
0
_a
Semblanzas : Ciudades y personajes
260
_c
1976
264
_a
Bedout
942
_2
ddc
_c
BKS
999
_c
24450
_d
24450